000 00262nam a22001097a 4500
008 180803b xxu||||| |||| 00| 0 eng d
082 _a813.52
245 _aThe rise and fall of the third reich
_cMGM
260 _c1986
300 _a1
_fCassette
942 _2ddc
_cMX
999 _c46754
_d46754